Manual de laboratorio de ciencia de los alimentos
Saved in:
| Hovedforfatter: | |
|---|---|
| Format: | Bog |
| Sprog: | spansk |
| Udgivet: |
Zaragoza
Acribia
1992
|
| Fag: | |
| Tags: |
Tilføj Tag
Ingen Tags, Vær først til at tagge denne postø!
|
MARC
| LEADER | 00000nam a2200000 a 4500 | ||
|---|---|---|---|
| 001 | UCY0273 | ||
| 003 | CL-VaPUC | ||
| 008 | 940720e19920000SP |||||||||||||||||spa|d | ||
| 082 | 0 | 4 | |a 664.07 |b OTT |2 21 |
| 100 | |a Ott, Dana B. |e autora |9 327911 | ||
| 245 | 1 | 0 | |a Manual de laboratorio de ciencia de los alimentos |
| 300 | |a 223 p | ||
| 942 | |c BK | ||
| 945 | |d 19940720 00:00:00 |a mfernand | ||
| 260 | |a Zaragoza |b Acribia |c 1992 | ||
| 650 | 0 | |a Alimentos |9 256203 | |
| 650 | 0 | |a Análisis |9 259550 | |
| 583 | |a last modification |c 19940720 00:00:00 |k Rodrigo Vera | ||
| 999 | |c 229308 |d 229306 | ||
| 952 | |0 0 |1 0 |4 0 |6 664_070000000000000_OTT_1992 |7 0 |8 A |9 230246 |a BIBALI |b BIBALI |c GEN |d 2019-11-15 |i 2997568 |o 664.07 OTT 1992 |p 2997568 |r 2025-01-20 |w 2019-11-15 |y BK |k ALI | ||
| 952 | |0 0 |1 0 |4 0 |6 664_070000000000000_OTT_1992 |7 0 |8 A |9 230247 |a BIBALI |b BIBALI |c GEN |d 2019-11-15 |i 3136639 |o 664.07 OTT 1992 |p 3136639 |r 2025-01-20 |w 2019-11-15 |y BK |k ALI | ||